000 00549nam a22001937a 4500
003 UA-OsUOA
001 34949
007 ta
008 20051102b un ||||| |||| 00| 0 ukr d
090 _a81
_bН34
942 _cBK
040 _aUA-OsUOA
_bukr
_cUA-OsUOA
_dUA-OsUOA
245 _aНаукові записки. Філологічні науки
955 _a1
041 _aukr
080 _a81
260 _aНіжин
_c2004
650 7 _a8 Мовознавство. Художня література. Літературознавство
_2UDC
999 _c312416
_d312416